Aktuálne úlohy účtovníctva a audítorstva na Slovensku

Medzinárodná harmonizácia účtovných výkazov. Harmonizácia sa uskutočňuje medzi smernicami Rady Európskej únie, Medzinárodnými účtovnými štandardami (IAS) a Všeobecne uznávanými účtovnými zásadami v USA (US GAAP). Hodnotenie rozdielov medzi IAS a slovenskými účtovnými predpismi. Pravdepodobná potreba...

Ausführliche Beschreibung

Gespeichert in:
Bibliographische Detailangaben
1. Verfasser: Škultéty, Jozef
Format: Buchkapitel
Sprache:Slowakisch
Schlagworte:
Tags: Tag hinzufügen
Keine Tags, Fügen Sie das erste Tag hinzu!

MARC

LEADER 00000naa a2200000 4500
001 r044379
005 20230913090333.8
041 0 |a slo 
044 |a CZ 
245 1 0 |a Aktuálne úlohy účtovníctva a audítorstva na Slovensku  |c Jozef Škultéty 
520 |a Medzinárodná harmonizácia účtovných výkazov. Harmonizácia sa uskutočňuje medzi smernicami Rady Európskej únie, Medzinárodnými účtovnými štandardami (IAS) a Všeobecne uznávanými účtovnými zásadami v USA (US GAAP). Hodnotenie rozdielov medzi IAS a slovenskými účtovnými predpismi. Pravdepodobná potreba legislatívnych zmien. 
610 2 0 |a účtovníctvo 
610 2 0 |a audítorstvo 
610 2 0 |a Slovensko 
610 2 0 |a štandardizácia 
610 2 0 |a výkazy účtovné 
610 2 0 |a účtovníctvo národné 
610 2 0 |a účtovníctvo medzinárodné 
610 2 0 |a IAS 
610 2 0 |a legislatíva 
100 1 |a Škultéty, Jozef